<?xml version='1.0' encoding='UTF-8'?>
  <record xmlns="http://www.loc.gov/MARC21/slim">
    <leader>00000cam a22000007i 4500</leader>
    <controlfield tag="001">ocm65796169</controlfield>
    <controlfield tag="003">OCoLC</controlfield>
    <controlfield tag="005">20251003200452.6</controlfield>
    <controlfield tag="008">920728s1725    ne            000 0 dut d</controlfield>
    <datafield tag="040" ind1=" " ind2=" ">
      <subfield code="a">NLGGC</subfield>
      <subfield code="b">dut</subfield>
      <subfield code="e">fobidrtb</subfield>
      <subfield code="c">NLGGC</subfield>
      <subfield code="d">OCLCO</subfield>
      <subfield code="d">OCLCA</subfield>
      <subfield code="d">OCLCL</subfield>
      <subfield code="d">OCLCQ</subfield>
    </datafield>
    <datafield tag="029" ind1="0" ind2=" ">
      <subfield code="a">NLGGC</subfield>
      <subfield code="b">096733047</subfield>
    </datafield>
    <datafield tag="035" ind1=" " ind2=" ">
      <subfield code="a">(OCoLC)65796169</subfield>
    </datafield>
    <datafield tag="100" ind1="1" ind2=" ">
      <subfield code="a">Cour, Pieter Almanus van,</subfield>
      <subfield code="d">fl. 1688.</subfield>
      <subfield code="1">https://id.oclc.org/worldcat/entity/E39PCjCCk6tKt38QqDpKDRCrVP</subfield>
    </datafield>
    <datafield tag="245" ind1="1" ind2="0">
      <subfield code="a">Toevlugt ofte heylsame remedien voor alderhande siektens en accidenten die de paarden soude konnen overkomen /</subfield>
      <subfield code="c">by een vergadert in de tijd van 40 jaren door Pieter Almanus van Cour ; mitsgaders een kleyn tractaatje van medicijne voor koe-beesten.</subfield>
    </datafield>
    <datafield tag="250" ind1=" " ind2=" ">
      <subfield code="a">Deze vyfden druk van merkelyke fouten verholpen, en met verscheide hulpmiddelen vermeerdert.</subfield>
    </datafield>
    <datafield tag="260" ind1=" " ind2=" ">
      <subfield code="a">Amsterdam :</subfield>
      <subfield code="b">by Nicolaas ten Hoorn,</subfield>
      <subfield code="c">1725.</subfield>
    </datafield>
    <datafield tag="300" ind1=" " ind2=" ">
      <subfield code="a">[VIII], 248 p. :</subfield>
      <subfield code="b">ill. ;</subfield>
      <subfield code="c">17 cm.</subfield>
    </datafield>
    <datafield tag="336" ind1=" " ind2=" ">
      <subfield code="a">tekst</subfield>
      <subfield code="b">txt</subfield>
      <subfield code="2">rdacontent/dut</subfield>
    </datafield>
    <datafield tag="337" ind1=" " ind2=" ">
      <subfield code="a">zonder medium</subfield>
      <subfield code="b">n</subfield>
      <subfield code="2">rdamedia/dut</subfield>
    </datafield>
    <datafield tag="338" ind1=" " ind2=" ">
      <subfield code="a">band</subfield>
      <subfield code="b">nc</subfield>
      <subfield code="2">rdacarrier/dut</subfield>
    </datafield>
    <datafield tag="758" ind1=" " ind2=" ">
      <subfield code="a">Toevlucht ofte heylsame Remedien voor alderhande Siektens en Accidenten, Die De Paarden Soude konnen overkomen (Text)</subfield>
      <subfield code="1">https://id.oclc.org/worldcat/entity/E39PCFtKjtMkDPJdqF3rcCDbr3</subfield>
      <subfield code="4">https://id.oclc.org/worldcat/ontology/hasWork</subfield>
    </datafield>
    <datafield tag="776" ind1="0" ind2=" ">
      <subfield code="t">Toevlugt ofte heylsame remedien voor alderhande siektens en accidenten die de paarden soude konnen overkomen</subfield>
      <subfield code="w">(NL-LeOCL)426054393</subfield>
    </datafield>
    <datafield tag="936" ind1=" " ind2=" ">
      <subfield code="a">BATCHLOAD</subfield>
    </datafield>
  </record>